Antología-Siglo XX: Prosistas Españoles. Semblanzas y comentarios

שמור ב:
מידע ביבליוגרפי
מחבר ראשי: Maeztu, María de
פורמט: ספר
שפה:Spanish
יצא לאור: Buenos Aires, Argentina Editora Espasa-Calpe 1945
מהדורה:2 edición
נושאים:
תגים: הוספת תג
אין תגיות, היה/י הראשונ/ה לתייג את הרשומה!

MARC

LEADER 00000nam a2200000Ia 4500
008 170316s9999 xx 000 0 spa d
999 |c 10190  |d 10190 
040 |a cru BVZT 
090 |a A-862 M-4a 
100 |a Maeztu, María de 
245 |a Antología-Siglo XX: Prosistas Españoles. Semblanzas y comentarios  |c María de Maeztu 
250 |a 2 edición 
260 |a Buenos Aires, Argentina  |b Editora Espasa-Calpe  |c 1945 
300 |a 273 páginas 
650 |a LITERATURA ESPAÑOLA  |9 23 
650 |a ANTOLOGÍA SIGLO XX 
650 |a PROSISTAS ESPAÑOLES 
942 |c 15 D  |h A-862 M-4a  |2 z